Statistiques concernant Devine le joueur spéciale CAN 2024

Cliquez ici pour prendre le quiz!

Statistiques générales

  • Ce quiz a été pris 29 fois
  • Le résultat moyen est 6 sur 10

Statistiques - réponses

Réponse% Correct
Hakimi
92%
Mohamed Salah
92%
Sadio Mané
92%
Ismaïla Sarr
65%
Bertrand Traoré
62%
Emilio Nsue
58%
Bounedjah
54%
Nkoudou
35%
Trézéguet
31%
Gelson Dala
19%

Distribution des résultats

Percentile par nombre de réponses

% des personnes avec chaque résultat

Votre développement - résultats

Vous n’avez pas pris ce quiz